[Event "Voronezh op-B 23rd"]
[Site "Voronezh"]
[Date "2019.06.18"]
[Round "7"]
[White "Bratov, Ademir"]
[Black "Popov, Maksim1111"]
[Result "0-1"]
[WhiteElo "1725"]
[BlackElo "2014"]
[PlyCount "108"]
[EventDate "2019.06.12"]
[EventType "swiss"]
[EventRounds "9"]
[EventCountry "RUS"]
[SourceTitle "EXT 2020"]
[Source "ChessBase"]
[SourceDate "2019.10.17"]
[SourceVersion "1"]
[SourceVersionDate "2019.10.17"]
[SourceQuality "1"]

1. e4 c5 2. Nf3 Nc6 3. d4 cxd4 4. Nxd4 e5 5. Nb5 d6 6. a4 Be6 7. N1c3 a6 8. Na3 Nf6 9. Bg5 Be7 10. Bxf6 Bxf6 11. Bc4 0-0 12. 0-0 g6 13. Nd5 Bg7 14. Ne3 Qe7 15. Bd5 Rad8 16. c3 f5 17. Qb3 Bxd5 18. Nxd5 Qf7 19. f3 Kh8 20. Nc4 Bh6 21. Qa3 Qe6 22. Rad1 b5 23. axb5 axb5 24. Qa6 bxc4 25. Qxc6 Rc8 26. Qa4 fxe4 27. fxe4 Qg4 28. Nf6 Qh4 29. g3 Qh3 30. Qa7 Bg5 31. Rxd6 Ra8 32. Qf2 Rf7 33. Qb6 Raf8 34. Rd8 Be3+ 35. Qxe3 Rxd8 36. Qg5 Qe6 37. Nd5 Rxd5 38. exd5 Qb6+ 39. Kg2 Qxb2+ 40. Kh3 Rxf1 41. Qxe5+ Kg8 42. Qe8+ Rf8 43. Qe6+ Rf7 44. Qe8+ Kg7 45. Qe5+ Kf8 46. Qh8+ Ke7 47. Qe5+ Kd8 48. Qd6+ Kc8 49. Qc6+ Kd8 50. Qa8+ Ke7 51. Qa7+ Kf8 52. Qc5+ Kg7 53. Qd4+ Kg8 54. d6 Qb5 0-1

[Event "Voronezh op-B 23rd"]
[Site "Voronezh"]
[Date "2019.06.13"]
[Round "2"]
[White "Bratov, Ademir"]
[Black "Gashev, Matvei"]
[Result "1-0"]
[WhiteElo "1725"]
[BlackElo "1968"]
[PlyCount "107"]
[EventDate "2019.06.12"]
[EventType "swiss"]
[EventRounds "9"]
[EventCountry "RUS"]
[SourceTitle "EXT 2020"]
[Source "ChessBase"]
[SourceDate "2019.10.17"]
[SourceVersion "1"]
[SourceVersionDate "2019.10.17"]
[SourceQuality "1"]

1. e4 c5 2. Nf3 d6 3. c4 Nf6 4. Nc3 b6 5. d4 cxd4 6. Nxd4 Bb7 7. f3 a6 8. Be3 e6 9. Be2 Be7 10. 0-0 Nbd7 11. Rc1 0-0 12. b3 Rc8 13. Qd2 Qc7 14. Rfd1 Qb8 15. Bf2 Bd8 16. Nc2 Bc7 17. Bg3 Ne5 18. f4 Ng6 19. Bf3 h5 20. Re1 h4 21. Bf2 Rfd8 22. f5 exf5 23. exf5 Bxf3 24. fxg6 Bh5 25. gxf7+ Bxf7 26. Nd5 Nxd5 27. cxd5 h3 28. Nb4 Qb7 29. Nc6 hxg2 30. Ne7+ Kf8 31. Nxc8 Rxc8 32. Qg5 Bd8 33. Rxc8 Qxc8 34. Qxg2 Qc2 35. Bg3 Qc5+ 36. Bf2 Qc2 37. Qg3 Bc7 38. Bd4 Bg6 39. Qf2+ Qxf2+ 40. Kxf2 Be8 41. Bxg7+ Kf7 42. Bd4 Bd8 43. Kg3 Bd7 44. h4 Kg6 45. Rf1 b5 46. Rf8 Ba5 47. Rf6+ Kh5 48. Be3 Be1+ 49. Bf2 Bb4 50. Rf7 Bc8 51. Rf8 Bb7 52. Kf4 a5 53. Kf5 Kh6 54. Bd4 1-0

[Event "Voronezh op-B 23rd"]
[Site "Voronezh"]
[Date "2019.06.12"]
[Round "1"]
[White "Al Hajiri, Bader"]
[Black "Bratov, Ademir"]
[Result "0-1"]
[WhiteElo "2121"]
[BlackElo "1725"]
[PlyCount "78"]
[EventDate "2019.06.12"]
[EventType "swiss"]
[EventRounds "9"]
[EventCountry "RUS"]
[SourceTitle "CBM 191 Extra"]
[Source "ChessBase"]
[SourceDate "2019.09.30"]
[SourceVersion "1"]
[SourceVersionDate "2019.09.30"]
[SourceQuality "1"]

1. e4 e5 2. Nf3 Nc6 3. Bc4 Bc5 4. 0-0 Nf6 5. d3 d6 6. c3 a6 7. b4 Ba7 8. a4 Ne7 9. Qb3 0-0 10. Bg5 Ng6 11. Nbd2 h6 12. Nh4 hxg5 13. Nxg6 d5 14. Nxf8 dxc4 15. Nxc4 Qxf8 16. Nxe5 Be6 17. Qc2 Qd6 18. Nf3 g4 19. e5 Qd5 20. c4 Qd7 21. Ng5 Nh5 22. Nxe6 Qxe6 23. Qe2 Bd4 24. Rac1 Bxe5 25. Rfe1 Re8 26. g3 Nf6 27. Qd2 Qd7 28. d4 Qxd4 29. Qg5 Ne4 30. Qf5 Bd6 31. Red1 Qb2 32. Rf1 Qxb4 33. Qxg4 Qxa4 34. Rfe1 Nf6 35. Rxe8+ Qxe8 36. Qf3 b6 37. Kf1 Ne4 38. Qe2 Qc6 39. Qg4 Nxg3+ 0-1